Две повести, две пьесы

Xehetasun bibliografikoak
Egile nagusia: Булгаков М. А. Михаил Афанасьевич
Gaia:Исключено из фонда НТБ ТПУ
Hizkuntza:errusiera
Argitaratua: Москва, Наука, 1991
Saila:Библиотека журнала "Химия и жизнь"
Formatua: MixedMaterials Liburua
KOHA link:https://koha.lib.tpu.ru/cgi-bin/koha/opac-detail.pl?biblionumber=107429

MARC

LEADER 00000nam0a2200000 4500
001 107429
005 20241112063152.0
035 |a (RuTPU)RU\TPU\book\115988 
035 |a RU\TPU\book\96320 
090 |a 107429 
100 |a 20061222d1991 m y0rusy50 ca 
101 0 |a rus 
102 |a RU 
105 |a a z 000ay 
200 1 |a Две повести, две пьесы  |f М. А. Булгаков 
210 |a Москва  |c Наука  |d 1991 
215 |a 288 с. 
225 1 |a Библиотека журнала "Химия и жизнь" 
333 |a Исключено из фонда НТБ ТПУ 
675 |a Р2  |v 3 
700 1 |a Булгаков  |b М. А.  |c русский писатель  |f 1891-1940  |g Михаил Афанасьевич  |2 stltpush  |3 (RuTPU)RU\TPU\pers\984  |9 436 
801 1 |a RU  |b 63413507  |c 20041007  |g PSBO 
801 2 |a RU  |b 63413507  |c 20221117  |g PSBO 
942 |c BK